عرض عادي
عرض مارك
- Scaramuzza, Davide
مدخل إسم شخص
001 - رقم الضبط
- حقل الضبط: 89525
003 - معرف رقم الضبط
- حقل الضبط: OSt
005 - تاريخ ووقت أخر عملية
- حقل الضبط: 20220314164241.0
008 - عناصر بيانات ثابتة الطول
- حقل تحكم ثابت الطول: 220314|| aca||aabn | a|a d
040 ## - مصدر الفهرسة
- هيئة الفهرسة الأصلية: OSt
- وكالة الكتابة: OSt
100 ## - مدخل -- أسم شخص
- إسم شخص: Scaramuzza, Davide
670 ## - بيانات المصدر موجوده
- الاستشهاد بالمصدر: Work cat.: (OSt)0: Siegwart, Roland 89522, Introduction to autonomous mobile robots /, c2011
